MARC details
| 000 -CABECERA |
| campo de control de longitud fija |
06724nam a2200385 a 4500 |
| 001 - NÚMERO DE CONTROL |
| campo de control |
dia_6453 |
| 003 - IDENTIFICADOR DEL NÚMERO DE CONTROL |
| campo de control |
CHAP |
| 005 - FECHA Y HORA DE LA ÚLTIMA TRANSACCIÓN |
| campo de control |
20250707102227.0 |
| 007 - CAMPO FIJO DE DESCRIPCIÓN FÍSICA--INFORMACIÓN GENERAL |
| campo de control de longitud fija |
ta |
| 008 - DATOS DE LONGITUD FIJA--INFORMACIÓN GENERAL |
| campo de control de longitud fija |
220117s2008 nyuado fr 001 0 eng d |
| 010 ## - NÚMERO DE CONTROL DE LA BIBLIOTECA DEL CONGRESO |
| Número de control de LC |
177373 |
| 020 ## - NÚMERO INTERNACIONAL ESTÁNDAR DEL LIBRO |
| Número Internacional Estándar del Libro |
978-0-7167-7108-1 |
| 020 ## - NÚMERO INTERNACIONAL ESTÁNDAR DEL LIBRO |
| Número Internacional Estándar del Libro |
0-7167-7108-X |
| 040 ## - FUENTE DE LA CATALOGACIÓN |
| Centro/agencia transcriptor |
CHAP |
| Centro catalogador/agencia de origen |
mxchpua |
| Normas de descripción |
rda |
| 041 ## - CÓDIGO DE LENGUA |
| Código de lengua del texto/banda sonora o título independiente |
eng |
| Código de lengua del sumario o resumen |
eng |
| Código de lengua de la tabla de contenido |
eng |
| Código de lengua original |
eng |
| 050 1# - SIGNATURA TOPOGRÁFICA DE LA BIBLIOTECA DEL CONGRESO |
| Número de clasificación |
QH345 |
| Número de documento/Ítem |
.N45 2008 |
| 082 ## - NÚMERO DE LA CLASIFICACIÓN DECIMAL DEWEY |
| Número de edición |
20 |
| Número de clasificación |
574.192 |
| Número de documento/Ítem |
N45 2008 |
| 100 1# - ENTRADA PRINCIPAL--NOMBRE DE PERSONA |
| Nombre de persona |
Nelson, David L. |
| 9 (RLIN) |
80773 |
| 245 10 - MENCIÓN DE TÍTULO |
| Título |
Lehninger Principles of biochemistry / |
| Mención de responsabilidad, etc. |
David L. Nelson y Michael M. Cox |
| 250 ## - MENCIÓN DE EDICIÓN |
| Mención de edición |
5a edición |
| 300 ## - DESCRIPCIÓN FÍSICA |
| Extensión |
1 v. (en varias paginaciones) : |
| Otras características físicas |
ilustraciones, gráficas, diagramas, tablas, fotos |
| 336 ## - TIPO DE CONTENIDO |
| Fuente |
rdacontent |
| Término de tipo de contenido |
texto |
| Código de tipo de contenido |
txt |
| 337 ## - TIPO DE MEDIO |
| Fuente |
rdamedia |
| Nombre/término del tipo de medio |
sin medio |
| Código del tipo de medio |
n |
| 338 ## - TIPO DE SOPORTE |
| Fuente |
rdacarrier |
| Nombre/término del tipo de soporte |
volumen |
| Código del tipo de soporte |
nc |
| 504 ## - NOTA DE BIBLIOGRAFÍA, ETC. |
| Nota de bibliografía, etc. |
Incluye bibliografías |
| 505 0# - NOTA DE CONTENIDO CON FORMATO |
| Nota de contenido con formato |
The Foundations of Biochemistry -- Cellular Foundations -- Chemical Foundations -- Physical Foundations -- Genetic Foundations -- Evolutionary Foundations -- Molecular Weight, Molecular Mass, and Their Correct Units -- Louis Pasteur and Optical Activity: In Vino, Veritas -- Entropy: The Advantages of Being Disorganized -- Now introduces the concepts of proteomes and proteomics -- Updated section on how a new species evolves -- Increased emphasis on the interdependence of life forms in global cycles of energy -- Structure and Catalysis -- Water -- Weak Interactions in Aqueous Systems -- Ionization of Water, Weak Acids, and Weak Bases -- Buffering against pH Changes in Biological Systems -- Water as a Reactant -- The Fitness of the Aqueous Environment for Living Organisms -- Amino Acids, Peptides, and Proteins -- Amino Acids -- Peptides and Proteins -- Working with Proteins -- The Structure of Proteins: Primary Structure -- Methods: Absorption of Light by Molecules: The Lambert-Beer Law -- Methods: Investigating Proteins with Mass Spectrometry -- Medicine: Consensus Sequences and Sequence Logos -- The Three-Dimensional Structure of Proteins -- Overview of Protein Structure -- Protein Secondary Structure -- Protein Tertiary and Quaternary Structures -- Protein Denaturation and Folding -- Methods: Knowing the Right Hand from the Left -- Permanent Waving Is Biochemical Engineering -- Medicine: Why Sailors, Explorers, and College Students Should Eat Their Fresh Fruits and Vegetables -- The Protein Data Bank -- Methods: Methods for Determining the Three-Dimensional Structure of a Protein -- Medicine: Death by Misfolding: The Prion Diseases -- New section, Defects in protein folding may be the molecular basis for a wide range of human genetic disorders, discusses a variety of amyloid diseases -- New section on circular dichroism -- Protein Function -- Reversible Binding of a Protein to a Ligand: Oxygen-Binding Proteins -- Complementary Interactions between Proteins and Ligands: The Immune System and Immunoglobulins -- Protein Interactions Modulated by Chemical Energy: Actin, Myosin, and Molecular Motors -- Medicine: Carbon Monoxide: A Stealthy Killer -- Enzymes -- An Introduction to Enzymes -- How Enzymes Work -- Enzyme Kinetics as an Approach to Understanding Mechanism -- Examples of Enzymatic Reactions -- Regulatory Enzymes -- Transformations of the Michaelis-Menten Equation: The Double-Reciprocal Plot -- Kinetic Tests for Determining Inhibition Mechanisms -- Evidence for Enzyme-Transition State Complementarity -- More explanatory text added to the mechanisms for the enolase and lysozyme reactions -- New section on pharmaceuticals developed from an understanding of enzyme mechanism, using penicillin and HIV protease inhibitors as examples -- Carbohydrates and Glycobiology -- Monosaccharides and Disaccharides -- Polysaccharides -- Glycoconjugates: Proteoglycans, Glycoproteins, and Glycolipids -- Carbohydrates as Informational Molecules: The Sugar Code -- Working with Carbohydrates -- Medicine: Blood Glucose Measurements in the Diagnosis and Treatment of Diabetes -- New medical box, introduces hemoglobin glycation and AGEs and their role in the pathology of advanced diabetes -- New section on sugar analogs as drugs that target viral neuraminidase -- Introduction to the new field of glycomics, including methods for determining oligosaccharide structure using MALDI-MS -- Nucleotides and Nucleic Acids -- Some Basics -- Nucleic Acid Structure -- Nucleic Acid Chemistry -- Other Functions of Nucleotides -- DNA-Based Information Technologies -- DNA Cloning: The Basics -- From Genes to Genomes -- From Genomes to Proteomes -- Genome Alterations and New Products of Biotechnology -- Medicine: A Potent Weapon in Forensic Medicine -- Medicine: The Human Genome and Human Gene Therapy -- New material on the green fluorescent protein -- Thorough updating of genomics section -- Lipids -- Storage Lipids -- Structural Lipids in Membranes -- Lipids as Signals, Cofactors, and Pigments -- Working with Lipids -- Sperm Whales: Fatheads of the Deep -- Medicine: Abnormal Accumulations of Membrane Lipids: Some Inherited Human Diseases -- New medical section on the role of polyunsaturated fatty acids and trans fatty acids in cardiovascular disease -- New section on lipidomics -- New descriptions of volatile lipids used as signals by plants, and pigments of bird feathers derived from colored lipids in plant foods -- Biological Membranes and Transport -- The Composition and Architecture of Membranes -- Membrane Dynamics -- Solute Transport across Membranes -- Methods: Atomic Force Microscopy to Visualize Membrane Proteins -- Medicine: Defective Glucose and Water Transport in Two Forms of Diabetes -- Medicine: A Defective Ion Channel in Cystic Fibrosis -- Expanded section on bilayer dynamics covers flippases, floppases, scramblases, and bilayer asymmetry -- Expanded and updated section on lipid rafts and caveolae includes new material on membrane curvature and the proteins that influence it, and introduces amphitropic proteins and annular lipids -- New information on the structural basis for voltage gating in a K+ channel |
| 520 2# - SUMARIO, ETC. |
| Sumario, etc. |
In the Fifth Edition, authors Dave Nelson and Mike Cox combine the best of the laboratory and best of the classroom, introducing exciting new developments while communicating basic principles through a variety of new learning tools--from new in-text worked examples and data analysis problems to the breakthrough eBook, which seamlessly integrates the complete text and its media components. |
| 650 13 - PUNTO DE ACCESO ADICIONAL DE MATERIA--TÉRMINO DE MATERIA |
| Término de materia o nombre geográfico como elemento de entrada |
Bioquímica |
| 9 (RLIN) |
12849 |
| Fuente del encabezamiento o término |
atg |
| 650 13 - PUNTO DE ACCESO ADICIONAL DE MATERIA--TÉRMINO DE MATERIA |
| Término de materia o nombre geográfico como elemento de entrada |
Biochemistry |
| 9 (RLIN) |
150448 |
| Fuente del encabezamiento o término |
atg |
| 700 1# - PUNTO DE ACCESO ADICIONAL--NOMBRE DE PERSONA |
| Nombre de persona |
Cox, Michael M. |
| 9 (RLIN) |
28752 |
| Término indicativo de función/relación |
autor |
| 942 ## - ELEMENTOS DE PUNTO DE ACCESO ADICIONAL (KOHA) |
| Tipo de ítem Koha |
Libro |
| Fuente del sistema de clasificación o colocación |
Dewey Decimal Classification |
| 901 ## - ELEMENTOS DE DATOS A LOCAL LDA (RLIN) |
| a |
574.192 N45 2008 |
| 902 ## - ELEMENTOS DE DATOS B LOCAL, LDB (RLIN) |
| a |
A |
| 905 ## - ELEMENTOS DE DATOS E LOCAL, LDE (RLIN) |
| a |
5232272008 -usaimn8222223322eng16 |